[Event "Gibtelecom Masters"]
[Site "Catalan Bay ENG"]
[Date "2007.01.31"]
[Round "8"]
[White "Kaidanov,G"]
[Black "Al Sayed,Mohamad"]
[Result "1/2-1/2"]
[WhiteElo "2595"]
[BlackElo "2460"]

1.d4 d5 2.c4 c6 3.Nc3 Nf6 4.e3 e6 5.Nf3 Nbd7 6.Bd3 dxc4 7.Bxc4 b5 8.Bd3 Bd6
9.a3 O-O 10.O-O Bb7 11.b4 a5 12.Rb1 Qe7 13.Qb3 e5 14.Bf5 Rfe8 15.Rd1 Nb6
16.bxa5 Nc4 17.a4 exd4 18.a6 Bxa6 19.axb5 Na5 20.Qc2 dxc3 21.bxa6 Bb4 22.Qa4 c5
23.Ba3 Rxa6 24.Bxb4 cxb4 25.Qxb4 g6 26.Bc2 Qxb4 27.Rxb4 Raa8 28.g4 h6 29.h3 Kg7
30.Nd4 Rac8 31.Ra1 Nc6 32.Nxc6 Rxc6 33.Rb7 Ne4 34.Ra4 Nc5 35.Rc4 Rec8 36.Rb1 Ne6
37.Rxc6 Rxc6 38.f4 g5 39.f5 Nc5 40.Rb4  1/2-1/2

[Event "Gibtelecom Masters"]
[Site "Catalan Bay ENG"]
[Date "2007.01.31"]
[Round "8"]
[White "Rajlich,I"]
[Black "Salgado Allaria,C"]
[Result "0-1"]
[WhiteElo "2428"]
[BlackElo "2288"]

1.d4 d5 2.c4 c6 3.Nc3 Nf6 4.e3 e6 5.Nf3 Nbd7 6.Qc2 Bd6 7.g4 Nxg4 8.Rg1 Nxh2
9.Nxh2 Bxh2 10.Rxg7 Nf8 11.Rg2 Bc7 12.e4 dxe4 13.Nxe4 f5 14.Bg5 Qxd4 15.Bf6 Ba5+
16.Ke2 Qxe4+ 17.Qxe4 fxe4 18.Bxh8 Ng6 19.Bd4 e5 20.Be3 Kf7 21.Kd1 Nf4 22.Rg5 Bc7
23.Kc2 Be6 24.Rd1 Kf6 25.Rg1 h5 26.Bc5 Bg4 27.Rxg4 hxg4 28.Rd7 Bb6 29.Bxb6 axb6
30.Rxb7 Rxa2 31.Kb1 Ra8 32.Rxb6 Rh8 33.Rxc6+ Ke7 34.Rc7+ Kd6 35.Rg7 Rh1 36.c5+ Kc6
37.Kc2 Rxf1 38.b4 Rxf2+ 39.Kb3 e3 40.Re7 Kd5 41.Rd7+ Ke6 42.Rd6+ Ke7  0-1

[Event "12th HIT Open A"]
[Site "Nova Gorica SLO"]
[Date "2007.01.31"]
[Round "8"]
[White "Jovanic,O"]
[Black "Ivanisevic,I"]
[Result "1/2-1/2"]
[WhiteElo "2463"]
[BlackElo "2602"]

1.d4 Nf6 2.c4 e6 3.Nf3 d5 4.Nc3 c6 5.e3 Nbd7 6.Bd3 dxc4 7.Bxc4 b5 8.Bd3 a6
9.e4 c5 10.d5 c4 11.Bc2 Qc7 12.dxe6 fxe6 13.Ng5 Nc5 14.f4 h6 15.Nf3 Bb7 16.e5 Nfe4
17.Be3 Nd3+ 18.Bxd3 cxd3 19.Qxd3 Bb4 20.Rc1 O-O 21.O-O Bxc3 22.bxc3 Bd5 23.Nd2 Nxd2
24.Qxd2 Qc4 25.Rf2 Rac8 26.a3 Qe4 27.Bd4 h5 28.Re1 Qg6 29.Re3 Rf5 30.Rg3 Qh6
31.Rg5 Rxg5 32.fxg5 Qg6 33.Qf4 Kh7 34.h3 Rc4 35.Qh4 Kg8 36.Kh2 Ra4 37.g4 Rxd4
38.cxd4 Qe4 39.g6 Qh1+ 40.Kg3 Qg1+ 41.Kf4 Qc1+  1/2-1/2

[Event "Zima Rating Tournament"]
[Site "St Petersburg RUS"]
[Date "2007.02.01"]
[Round "4"]
[White "Kopasov,A"]
[Black "Egorova,Ek"]
[Result "1-0"]
[WhiteElo "2043"]
[BlackElo "2132"]

1.d4 d5 2.c4 e6 3.Nc3 c6 4.Nf3 Nf6 5.e3 Nbd7 6.Qc2 Bd6 7.g4 dxc4 8.Bxc4 b5
9.Bd3 Bb7 10.g5 Nd5 11.Ne4 Bb4+ 12.Ke2 f5 13.gxf6 gxf6 14.a3 Be7 15.Nc5 Nxc5
16.dxc5 Qc7 17.Nd4 Qe5 18.Be4 O-O-O 19.b4 f5 20.Bxd5 Qxd5 21.Bb2 f4 22.Nf3 fxe3
23.Rad1 Qh5 24.Bxh8 Rxh8 25.Qe4 exf2 26.Qxe6+ Kb8 27.Qxe7  1-0

[Event "Open"]
[Site "Moscow RUS"]
[Date "2007.02.02"]
[Round "7"]
[White "Turov,M"]
[Black "Dobrov,V"]
[Result "0-1"]
[WhiteElo "2562"]
[BlackElo "2479"]

1.d4 d5 2.c4 c6 3.Nc3 Nf6 4.e3 e6 5.Nf3 Nbd7 6.Qc2 Bd6 7.g4 h6 8.Rg1 b5 9.cxd5 exd5
10.Bd3 Bb7 11.h4 b4 12.Ne2 Qe7 13.Ng3 Bxg3 14.Rxg3 Ne4 15.Rg1 O-O 16.g5 h5
17.Nh2 Rfc8 18.Qe2 g6 19.f3 Nd6 20.b3 c5 21.dxc5 Nxc5 22.Bb2 Nxd3+ 23.Qxd3 Nf5
24.Nf1 Rc6 25.Kf2 Ba6 26.Qd2 Bxf1 27.Raxf1 Qc7 28.Rc1 Qh2+ 29.Rg2 Qxh4+ 30.Kg1 Rxc1+
31.Qxc1 Re8 32.e4 dxe4 33.Qc6 Qe1+ 34.Kh2 exf3  0-1

[Event "TCh-NED 2006-7"]
[Site "Netherlands NED"]
[Date "2007.02.03"]
[Round "5"]
[White "De Jong,JW"]
[Black "Smeets,J"]
[Result "1/2-1/2"]
[WhiteElo "2435"]
[BlackElo "2538"]

1.c4 c6 2.Nc3 d5 3.d4 Nf6 4.e3 e6 5.Nf3 Nbd7 6.Bd3 dxc4 7.Bxc4 b5 8.Bd3 Bb7
9.e4 b4 10.Na4 c5 11.e5 Nd5 12.Nxc5 Nxc5 13.dxc5 Bxc5 14.O-O h6 15.Nd2 Qc7
16.Re1 Rd8 17.Qg4 Ne7 18.Qg3 a5 19.Nc4 Rd4 20.Nd6+ Bxd6 21.Bb5+ Bc6 22.exd6 Qxd6
23.Be3 Qxg3 24.hxg3 Rd6 25.Bc4 Nd5 26.Bc5 Rd8 27.a3 b3 28.Bxb3 Rb8 29.Bxd5 Bxd5
30.b4 a4 31.Rad1 Kd7 32.f3 h5 33.Kf2 f6 34.Bd4 Rbc8 35.Rc1 Rc4 36.Rxc4 Bxc4
37.Rc1 Rc8 38.Bc5 Bb5 39.Rd1+ Ke8 40.Rd6 Rc6 41.Rd1 Rc7 42.Rd6 Bc4 43.Ke3 Rd7
44.Rxd7 Kxd7 45.b5 Bxb5 46.Bb4 Ke8 47.Bc5 Kf7 48.Bb4 Kg6 49.Bf8 Bf1 50.Kf2 Bc4
51.Ke3 Bb5 52.Kf2 Kf7 53.Bb4 Bc6 54.Ke3 g5 55.Ba5 Kg6 56.Bb4 Kf5 57.Be7 e5
58.Bd8 g4 59.Kf2 Ke6 60.Ba5 Kd5 61.Bd8 f5 62.Bf6 Ke6 63.Bd8 Bb5 64.Bc7 Ba6
65.Bd8 Bb7 66.Bc7 Kd5 67.Bd8 e4 68.fxe4+ fxe4 69.Ke3 Ba6 70.Be7 Bf1 71.Kf2 Bd3
72.Ke3 Kc4 73.Bf8 Kb3 74.Be7 Kc3 75.Bb4+ Kc2 76.Ba5 Kd1 77.Bb4 Bb5 78.Kxe4 Ke2
79.Kf4 Kf2 80.Be7 Kxg2  1/2-1/2

[Event "Bundesliga 2006-7"]
[Site "Berlin GER"]
[Date "2007.02.04"]
[Round "9"]
[White "Prusikin,M"]
[Black "Hoffmann,Mi1"]
[Result "1/2-1/2"]
[WhiteElo "2571"]
[BlackElo "2478"]

1.d4 d5 2.c4 c6 3.Nf3 Nf6 4.Nc3 e6 5.e3 Nbd7 6.Qc2 Be7 7.b3 b6 8.Bd3 Bb7
9.O-O Qc7 10.Bb2 Rd8 11.Rad1 h6 12.h3 O-O 13.Ne5 dxc4 14.bxc4 Nxe5 15.dxe5 Nd7
16.f4 Nc5 17.Be2 Rxd1 18.Nxd1 Rd8 19.Nf2 Qd7  1/2-1/2

[Event "Open"]
[Site "Moscow RUS"]
[Date "2007.02.04"]
[Round "9"]
[White "Najer,E"]
[Black "Svetushkin,D"]
[Result "1/2-1/2"]
[WhiteElo "2605"]
[BlackElo "2588"]

1.d4 d5 2.c4 c6 3.Nf3 Nf6 4.Nc3 e6 5.e3 a6 6.b3 c5 7.Bb2 cxd4 8.Nxd4 Bd6
9.cxd5 exd5 10.Be2 O-O 11.O-O Nc6 12.Rc1  1/2-1/2

[Event "TCh-BEL 2006-7"]
[Site "Belgium BEL"]
[Date "2007.02.08"]
[Round "7"]
[White "Hautot,S"]
[Black "Dal Borgo,A"]
[Result "1/2-1/2"]
[WhiteElo "2361"]
[BlackElo "2172"]

1.d4 d5 2.c4 c6 3.Nf3 Nf6 4.Nc3 e6 5.e3 Nbd7 6.Bd3 Bd6 7.O-O O-O 8.e4 dxe4
9.Nxe4 Nxe4 10.Bxe4 h6 11.Bc2 c5 12.Be3 Qc7 13.Qd3 Nf6 14.dxc5 Bxc5 15.Bxc5 Qxc5
16.Rfe1 Bd7 17.Ne5 Bc6 18.Rad1 Rfe8 19.h3 a5 20.Re3 Kf8 21.Nxc6 Qxc6 22.Qa3+ Re7
23.Rd4 b5 24.Bd1 b4 25.Qd3 Rc8 26.Re5 Qc7 27.Re2 Rd7 28.Rxd7 Qxd7 29.Qxd7 Nxd7
30.b3 Ke7 31.f3  1/2-1/2

[Event "TCh-BEL 2006-7"]
[Site "Belgium BEL"]
[Date "2007.02.08"]
[Round "7"]
[White "Hammes,M"]
[Black "Maenhout,T"]
[Result "1-0"]
[WhiteElo "2368"]
[BlackElo "2320"]

1.d4 d5 2.c4 c6 3.Nc3 Nf6 4.Nf3 e6 5.e3 Nbd7 6.Qc2 Bd6 7.b3 Qe7 8.Be2 b6
9.O-O Bb7 10.e4 Nxe4 11.Nxe4 dxe4 12.Qxe4 Nf6 13.Qe3 c5 14.Bb2 O-O 15.Ne5 Rfd8
16.Rad1 Rac8 17.Bf3 Bxf3 18.Qxf3 Qc7 19.Rfe1 Bxe5 20.dxe5 Ne8 21.h4 Kf8 22.Qe4 h6
23.h5 Rxd1 24.Rxd1 Rd8 25.Rd3 Rxd3 26.Qxd3 Ke7 27.Bc3 Qd7 28.Qf3 Kf8 29.Kf1 Nc7
30.Ke2 Na6 31.Qa8+ Ke7 32.a3 b5 33.Ba5 b4 34.a4 Qd4 35.Qxa7+ Ke8 36.Qa8+ Ke7
37.Qb7+ Kf8 38.Qc8+ Ke7 39.Bd8+ Qxd8 40.Qxa6 Qd4 41.Qd6+ Qxd6 42.exd6+ Kxd6
43.Ke3 Ke5 44.Kd3 f6 45.Ke3 Kd6 46.Ke4 Kc6 47.f4 Kd6 48.f5 e5 49.a5 Kc6 50.g3 Kb7
51.Kd5 Ka6 52.Kxc5 Kxa5 53.g4  1-0

[Event "TCh-FRA Top 16 GpB"]
[Site "Chalons en Champagne FRA"]
[Date "2007.02.10"]
[Round "2"]
[White "Flear,G"]
[Black "Fridman,D2"]
[Result "1/2-1/2"]
[WhiteElo "2480"]
[BlackElo "2626"]

1.d4 d5 2.c4 c6 3.Nc3 Nf6 4.e3 e6 5.Nf3 Nbd7 6.Bd3 dxc4 7.Bxc4 b5 8.Be2 Bb7
9.O-O Be7 10.e4 b4 11.e5 bxc3 12.exf6 Bxf6 13.bxc3 c5 14.dxc5 Nxc5 15.Bb5+ Kf8
16.Ba3 Be7 17.Ne5 Qc7 18.Bxc5 Bxc5 19.Nd7+ Kg8 20.Nxc5 Qxc5 21.Qd7 Be4 22.Rfe1 Bg6
23.Rad1 h5 24.Bd3 Rh6 25.Re3 Rf8 26.Qd4 Qxd4 27.cxd4 Bxd3 28.Rexd3 Rd8 29.d5 exd5
30.Rxd5 Rxd5 31.Rxd5 Ra6 32.Rxh5 Rxa2  1/2-1/2

[Event "64th ch-POL"]
[Site "Opole POL"]
[Date "2007.02.11"]
[Round "3"]
[White "Bobula,M"]
[Black "Cyborowski,L"]
[Result "1/2-1/2"]
[WhiteElo "2359"]
[BlackElo "2580"]

1.d4 d5 2.c4 c6 3.e3 Nf6 4.Nc3 e6 5.Nf3 Nbd7 6.Bd3 dxc4 7.Bxc4 b5 8.Bd3 a6
9.e4 c5 10.e5 cxd4 11.Nxb5 axb5 12.exf6 Qb6 13.fxg7 Bxg7 14.Qe2 b4 15.O-O Bb7
16.Bf4 O-O 17.Ne5 Nxe5 18.Bxe5 Qc6 19.f3 Ra5 20.Bxg7 Kxg7 21.Qf2 Qd6 22.Qh4 h6
23.Rad1  1/2-1/2

[Event "Aeroflot Open"]
[Site "Moscow RUS"]
[Date "2007.02.15"]
[Round "2"]
[White "Korotylev,A"]
[Black "Sedlak,N"]
[Result "1-0"]
[WhiteElo "2615"]
[BlackElo "2561"]

1.d4 d5 2.c4 c6 3.Nc3 Nf6 4.e3 e6 5.Nf3 Nbd7 6.Bd3 dxc4 7.Bxc4 b5 8.Bd3 Bd6
9.O-O O-O 10.e4 e5 11.Ne2 Re8 12.Bg5 h6 13.Bh4 exd4 14.Nexd4 Bb7 15.Nf5 Bf8
16.Re1 Nc5 17.Re3 Ncxe4 18.Rxe4 Rxe4 19.Bxf6 Qxf6 20.Bxe4 Qxb2 21.Qd4 Qxd4
22.N5xd4 Rc8 23.Rc1 Ba3 24.Rc2 Rd8 25.g3 b4 26.Bxc6 Ba6 27.Bb5 Bb7 28.Rc7 Bd5
29.Nc6  1-0

[Event "V Breizh Masters GM"]
[Site "Guingamp FRA"]
[Date "2007.02.16"]
[Round "1"]
[White "Benitah,Y"]
[Black "Le Roux,JP"]
[Result "1/2-1/2"]
[WhiteElo "2423"]
[BlackElo "2486"]

1.d4 d5 2.c4 c6 3.e3 Nf6 4.Nc3 e6 5.Nf3 Nbd7 6.Bd3 Bd6 7.O-O O-O 8.h3 dxc4
9.Bxc4 Qe7 10.Bb3 b5 11.a3 Bb7 12.e4 e5 13.dxe5 Nxe5 14.Nd4 g6 15.Bg5 Bc5
16.Nc2 a5 17.Qd2 h6 18.Bxh6 Rfd8 19.Qg5 b4 20.axb4 axb4 21.Rxa8 Bxa8 22.Nxb4 Bxb4
23.f4 Bc5+ 24.Kh2 Be3 25.Qg3 Rd3 26.Qg5 Kh7 27.Bd1 Ned7 28.Qh4 Kg8 29.Bg5 Rd2
30.Qe1 Qc5 31.Rf3 Rd3 32.Be2 Rd2 33.Ba6 Ne5 34.fxe5 Qxe5+ 35.Qg3 Qxg5 36.Rxe3 Qxg3+
37.Rxg3 c5 38.Rd3 Rxd3 39.Bxd3 Kf8 40.Na4 Bxe4 41.Nxc5 Bd5 42.g4 g5 43.Kg3 Ke7
44.h4 gxh4+ 45.Kxh4 Kd6 46.b4 Bf3 47.g5 Nd5 48.Na6 Bd1 49.Bc4 f6 50.g6 Ne7
51.Bd3 f5 52.g7 f4 53.Nc5 Ke5 54.Bh7 Kd4 55.g8=Q Nxg8 56.Bxg8 f3 57.Kg3 Be2
58.Kf2 Kc3 59.b5  1/2-1/2

[Event "Aeroflot Open"]
[Site "Moscow RUS"]
[Date "2007.02.16"]
[Round "3"]
[White "Ehlvest,J"]
[Black "Akopian,Vl"]
[Result "1/2-1/2"]
[WhiteElo "2610"]
[BlackElo "2700"]

1.d4 d5 2.c4 c6 3.Nc3 Nf6 4.e3 e6 5.Nf3 Nbd7 6.Qc2 Bd6 7.Be2 O-O 8.O-O dxc4
9.Bxc4 Qe7 10.Ne2 Nb6 11.Bb3 e5 12.dxe5 Bxe5 13.Nxe5 Qxe5 14.f3 a5 15.a4 Nbd5
16.e4 Nb4 17.Qc3 Nd7 18.Be3 Qxc3 19.bxc3 Na6 20.Nd4 Ndc5 21.Bc4 Re8 22.Rfd1 g6
23.Kf2 Nd7 24.Nb3 Nc7 25.Be2 Ne5 26.Bb6 Ne6 27.Bf1 Nd7 28.Be3 f5 29.exf5 gxf5
30.Rab1 Ne5 31.c4 f4 32.Bd2 Rd8 33.Kg1 b6 34.Bc3 Rxd1 35.Rxd1 Nd7 36.Rd6 Kf7
37.Rxc6 Bb7 38.Rd6 Ke7 39.Rd1 Bc6 40.Re1 Bxa4 41.Nd4 Nc5 42.Bd3 h5 43.Nxe6 Nxd3
44.Nc7+ Nxe1 45.Nxa8 Nd3 46.Nxb6 Bc6 47.Bxa5 Kd6 48.Nd5 Bxd5 49.cxd5 Kxd5
50.Kf1 Ke6 51.Bc7 Kf5 52.Ke2 Nb4 53.Bd6 Nd5 54.Bc5 Nc7 55.Kd3 Ne6 56.Bd6 Nd8
57.Kd4 Nf7 58.Kd5 Nh8 59.Bc5 Ng6 60.Bf2 Ne5 61.Kd4 Nc6+ 62.Kd5 Ne5 63.Be1 Ng6
64.Kd4  1/2-1/2

[Event "Aeroflot Open"]
[Site "Moscow RUS"]
[Date "2007.02.16"]
[Round "3"]
[White "Movsesian,S"]
[Black "Laznicka,V"]
[Result "1/2-1/2"]
[WhiteElo "2637"]
[BlackElo "2593"]

1.d4 d5 2.c4 c6 3.Nf3 Nf6 4.e3 e6 5.Nc3 Nbd7 6.Qc2 Bd6 7.Bd3 O-O 8.O-O dxc4
9.Bxc4 b5 10.Bd3 Bb7 11.Rd1 Qe7 12.e4 e5 13.h3 Rad8  1/2-1/2

[Event "Aeroflot Open"]
[Site "Moscow RUS"]
[Date "2007.02.18"]
[Round "5"]
[White "Vitiugov,N"]
[Black "Sedlak,N"]
[Result "1-0"]
[WhiteElo "2604"]
[BlackElo "2561"]

1.d4 d5 2.c4 c6 3.Nc3 Nf6 4.e3 e6 5.Nf3 Nbd7 6.Bd3 dxc4 7.Bxc4 b5 8.Bd3 Bd6
9.O-O O-O 10.Ne2 Bb7 11.Ng3 a6 12.e4 e5 13.Re1 Re8 14.Bc2 exd4 15.Nxd4 Ne5
16.Bg5 Ng6 17.Ndf5 Be5 18.Qf3 h6 19.Be3 c5 20.Bxc5 Qc7 21.b4 Bxa1 22.Rxa1 Nd7
23.Qc3 Re5 24.Bd4 Qxc3 25.Bxc3 Ree8 26.Bxg7 a5 27.bxa5 Ne7 28.f3 Nc5 29.Bc3 Nxf5
30.Nxf5 Ne6 31.Bb3 Kh7 32.Nd6 Nf4 33.Nxe8 Rxe8 34.Bd2 Nd3 35.Bxf7  1-0

[Event "64th ch-POL"]
[Site "Opole POL"]
[Date "2007.02.21"]
[Round "12"]
[White "Bobula,M"]
[Black "Kempinski,R"]
[Result "1/2-1/2"]
[WhiteElo "2359"]
[BlackElo "2590"]

1.d4 d5 2.c4 e6 3.Nc3 Nf6 4.Nf3 c6 5.e3 a6 6.Bd3 dxc4 7.Bxc4 b5 8.Bd3 c5
9.a4 b4 10.Ne4 Nbd7 11.Nxf6+ Nxf6 12.e4 Bb7 13.Bg5 h6 14.Bxf6 Qxf6 15.Rc1 Be7
16.O-O O-O 17.e5 Qf4 18.dxc5 Rfc8 19.Rc4 Bxf3 20.Rxf4 Bxd1 21.Rxd1 Rxc5 22.Rxb4 Rxe5
23.Rb7 Bf8 24.Bc4 a5 25.Kf1 Bb4 26.f3 Rf8 27.b3 g5 28.Kf2 Kg7 29.Rdd7 Kf6
30.Rd1 Bc5+ 31.Kf1 Re3 32.Rbd7 h5 33.R7d3 Re5 34.Re1 Rxe1+ 35.Kxe1 Ke7 36.h3 h4
37.Ke2 Bd6 38.Rd4 Rc8 39.Re4 Bf4 40.Rd4 f5 41.Rd1 Rc5 42.Kf1 Rc6 43.Ke2 Kf6
44.Rd8 Rc5 45.Ra8 Bd6 46.Ra6 Re5+ 47.Kd3 Bb4 48.Rc6 Re1 49.Ra6 Rd1+ 50.Ke3 Re1+
51.Kd3 Ke7 52.Ra7+ Kd8 53.Ra8+ Kc7 54.Ra7+ Kd8 55.Ra8+ Ke7 56.Ra7+ Kf6 57.Ra6 Rd1+
58.Ke3 f4+ 59.Ke4 Re1+ 60.Kd4 Re3 61.Bd3 Be1 62.Kc4 Ke5 63.Rb6 Bd2 64.Rb5+ Kf6
65.Kd4 Re1 66.Bc4 Rg1 67.Kd3 Rxg2 68.Rb6 Bb4 69.Bxe6 Ke5 70.Bg4 Rd2+ 71.Kc4 Rd4+
72.Kb5 Rd5+ 73.Ka6 Rd6  1/2-1/2

[Event "4th ch-Mediterranean"]
[Site "Cannes FRA"]
[Date "2007.02.22"]
[Round "6"]
[White "El Gindy,E"]
[Black "Solic,K"]
[Result "1-0"]
[WhiteElo "2523"]
[BlackElo "2155"]

1.d4 d5 2.c4 e6 3.Nc3 c6 4.e3 Nf6 5.Nf3 a6 6.Qc2 c5 7.dxc5 Bxc5 8.cxd5 exd5
9.Be2 Nc6 10.O-O Qe7 11.a3 Be6 12.b4 Bd6 13.b5 axb5 14.Nxb5 O-O 15.Nxd6 Qxd6
16.Bb2 Ne4 17.Rfd1 Qc5 18.Qd3 Rfc8 19.Rac1 Qe7 20.h3 f6 21.Nd4 Nxd4 22.Qxd4 Rc6
23.Bb5 Rcc8 24.a4 Nd6 25.Qb4 Qd8 26.Rxc8 Rxc8 27.Bd3 Rc6 28.Ba3 Qc8 29.Qh4 Bf5
30.Bxf5 Qxf5 31.Qd4 Nc4 32.Bb4 Nb6 33.a5 Nd7 34.Qxd5+ Qxd5 35.Rxd5 Rc7 36.Rb5 Nf8
37.f4 Ne6 38.Kf2 Kf7 39.Kf3 Nd8 40.Bc5 Rd7 41.Bb6 Nc6 42.Rc5 Ke6 43.a6  1-0

[Event "XXIV SuperGM"]
[Site "Morelia/Linares MEX/ESP"]
[Date "2007.02.22"]
[Round "5"]
[White "Carlsen,M"]
[Black "Topalov,V"]
[Result "1-0"]
[WhiteElo "2690"]
[BlackElo "2783"]

1.d4 d5 2.c4 c6 3.Nf3 Nf6 4.Nc3 e6 5.e3 Nbd7 6.Qc2 Bd6 7.b3 O-O 8.Be2 b6
9.O-O Bb7 10.Bb2 Re8 11.Rad1 Qe7 12.Rfe1 Rac8 13.e4 Nxe4 14.Nxe4 dxe4 15.Qxe4 Bb4
16.Rf1 Ba3 17.Bxa3 Qxa3 18.Qc2 Nf6 19.c5 Ba6 20.Bxa6 Qxa6 21.Ne5 Nd5 22.Nc4 Red8
23.a3 Rc7 24.Qc1 Ne7 25.Rd2 Nf5 26.Rfd1 b5 27.Ne5 Qc8 28.Rd3 f6 29.Nf3 Rcd7
30.Qf4 Rd5 31.Qe4 Qd7 32.R3d2 h5 33.h4 a5 34.Kf1 Re8 35.Re1 Kf7 36.Red1 Nh6
37.Re1 Re7 38.Qf4 Rf5 39.Qd6 Qc8 40.Rde2 Rd5 41.Qf4 Nf5 42.Re4 Rd8 43.g4 hxg4
44.Qxg4 Qd7 45.h5 Kg8 46.Kg2 Qd5 47.Qg6 Rf8 48.h6 Qd8 49.d5 Qxd5 50.Rg4 Qd7
51.Rh1 Qe8 52.hxg7 Rxg7 53.Qh7+ Kf7 54.Rxg7+ Nxg7 55.Rh6 Qd8 56.Qg6+ Kg8
57.Qh7+ Kf7 58.Qg6+ Kg8 59.Rh7 Qd7 60.Nd2 f5 61.Nf3 Rf6 62.Qxf6 Kxh7 63.Ng5+ Kg8
64.Qg6  1-0

[Event "Aeroflot Open"]
[Site "Moscow RUS"]
[Date "2007.02.22"]
[Round "9"]
[White "Tomashevsky,E"]
[Black "Jakovenko,D"]
[Result "1/2-1/2"]
[WhiteElo "2624"]
[BlackElo "2691"]

1.c4 c6 2.Nf3 d5 3.e3 Nf6 4.Nc3 e6 5.d4 a6 6.c5 Nbd7 7.b4 g6 8.Bb2 Bg7 9.Be2 O-O
10.O-O Qc7 11.Na4 Ne4 12.Nd2 Nxd2 13.Qxd2 e5 14.dxe5  1/2-1/2

[Event "64th ch-POL"]
[Site "Opole POL"]
[Date "2007.02.22"]
[Round "13"]
[White "Kempinski,R"]
[Black "Bobras,P"]
[Result "1/2-1/2"]
[WhiteElo "2590"]
[BlackElo "2542"]

1.d4 d5 2.Nf3 Nf6 3.c4 c6 4.Nc3 e6 5.e3 Nbd7 6.Qc2 Bd6 7.g4 h6 8.Bd2 dxc4
9.Bxc4 b5 10.Be2 Bb7 11.Rg1 Rc8 12.a3 c5 13.Nxb5 Bb8 14.Qa4 a6 15.Nc3 O-O
16.g5 hxg5 17.Rxg5 Nb6 18.Qa5 Bxf3  1/2-1/2

[Event "14th Belisce Metalis Open"]
[Site "Bizovac CRO"]
[Date "2007.02.23"]
[Round "3"]
[White "Filipovic,Ma"]
[Black "Franic,I"]
[Result "1-0"]
[WhiteElo "2287"]
[BlackElo "1869"]

1.d4 d5 2.c4 c6 3.Nc3 Nf6 4.Nf3 e6 5.e3 Be7 6.Bd3 Nbd7 7.O-O O-O 8.e4 dxe4
9.Nxe4 h6 10.Qe2 Nxe4 11.Qxe4 Nf6 12.Qe2 Ne8 13.b3 Nc7 14.Bb2 Re8 15.Rad1 Bd6
16.Ne5 f5 17.f4 Bxe5 18.Qxe5 Re7 19.Rf3 Rf7 20.Rg3 Ne8 21.Be2 Qd6 22.Bh5 Re7
23.d5 exd5 24.Rxg7+ Rxg7 25.Qxe8+ Qf8 26.Qxf8+ Kxf8 27.Bxg7+ Kxg7 28.cxd5 cxd5
29.Rxd5 Be6 30.Re5 Kf6 31.Bf3 Rd8 32.Bxb7 Rd1+ 33.Kf2 h5 34.h4 Ra1 35.Ra5 Rc1
36.Bf3 Rc7 37.Ra6  1-0

[Event "Masters"]
[Site "Bunratty IRL"]
[Date "2007.02.24"]
[Round "2"]
[White "Galligan,B"]
[Black "De Jonge,H"]
[Result "1/2-1/2"]
[WhiteElo "2035"]
[BlackElo "2005"]

1.d4 d5 2.c4 e6 3.Nf3 Nf6 4.Nc3 c6 5.e3 Nbd7 6.Bd3 dxc4 7.Bxc4 Nb6 8.Bb3 Nbd5
9.O-O Be7 10.a3 O-O 11.Re1 Qa5 12.Bd2 Nxc3 13.Bxc3 Qb6  1/2-1/2

[Event "XXIV SuperGM"]
[Site "Morelia/Linares MEX/ESP"]
[Date "2007.02.24"]
[Round "6"]
[White "Carlsen,M"]
[Black "Leko,P"]
[Result "1/2-1/2"]
[WhiteElo "2690"]
[BlackElo "2749"]

1.d4 d5 2.c4 c6 3.Nf3 Nf6 4.Nc3 e6 5.e3 Nbd7 6.Qc2 Bd6 7.b3 O-O 8.Be2 b6
9.Bb2 Bb7 10.O-O Qe7 11.Rad1 Rad8 12.Rfe1 Rfe8 13.e4 Nxe4 14.Nxe4 dxe4 15.Qxe4 Bb4
16.Rf1 Bd6 17.Rfe1 Bb4 18.Rf1 Bd6 19.Rfe1 Bb4 20.Rf1 Bd6  1/2-1/2

[Event "Meurthe et Moselle GM"]
[Site "Nancy FRA"]
[Date "2007.02.24"]
[Round "8"]
[White "Brunner,N"]
[Black "Sandipan,C"]
[Result "0-1"]
[WhiteElo "2426"]
[BlackElo "2561"]

1.Nf3 Nf6 2.c4 e6 3.Nc3 d5 4.d4 c6 5.e3 Nbd7 6.Bd3 dxc4 7.Bxc4 b5 8.Bd3 Bb7
9.O-O a6 10.e4 c5 11.d5 Qc7 12.dxe6 fxe6 13.Bc2 Bd6 14.Ng5 Nf8 15.f4 h6 16.Nf3 Bxf4
17.Qe1 Ng4 18.Bxf4 Qxf4 19.Qh4 Ng6 20.Qh5 O-O 21.Qxg6 Rf6 22.Qh5 Qe3+ 23.Kh1 Nf2+
24.Rxf2 Qxf2 25.Rc1 b4 26.Na4 c4 27.Qg4 Qe3 28.Rd1 Raf8 29.h3 Bc6 30.Nd2 h5
31.Qxh5 Rf2 32.Qg6 Rxd2 33.Qxe6+ Kh8 34.Qxc4 Rxd1+ 35.Bxd1 Qe1+ 36.Kh2 Rf1  0-1

[Event "Bundesliga 2006-7"]
[Site "Werder Bremen GER"]
[Date "2007.02.24"]
[Round "10"]
[White "Nyback,T"]
[Black "Smeets,J"]
[Result "1/2-1/2"]
[WhiteElo "2604"]
[BlackElo "2538"]

1.d4 d5 2.c4 c6 3.Nc3 e6 4.e3 Nf6 5.Nf3 Nbd7 6.Qc2 Bd6 7.g4 h6 8.Bd2 dxc4
9.Bxc4 b5 10.Be2 Bb7 11.e4 Be7 12.g5 hxg5 13.Nxg5 Qb6 14.O-O-O Qxd4 15.Be3 Qb4
16.f4 a6 17.f5 exf5 18.e5 Nxe5 19.Qxf5 Neg4 20.Bxg4 Qxg4 21.Qe5 Nd7 22.Rxd7 Qxd7
23.Rd1 Qg4 24.Qxg7 Rf8 25.Nce4 Bc8 26.Qc3 Bd7 27.Nf6+ Bxf6 28.Qxf6 Be6 29.b3 Qf5
30.Qc3 Bd5 31.Nh7 Qxh7 32.Rxd5 Qg6 33.Re5+ Kd7 34.Bf4 Rae8 35.Qd4+ Kc8 36.Rg5 Qe4
37.Qd6 Qe1+ 38.Kc2 Re2+ 39.Bd2 Rxd2+ 40.Qxd2 Qxd2+ 41.Kxd2 Rh8 42.Rg2 Kd7
43.Rf2 Ke6 44.Re2+ Kd5 45.Rf2 Ke4 46.Re2+ Kd4 47.Rf2 f5 48.Kd1 Rh5 49.Rd2+ Ke3
50.Re2+ Kf3 51.Rc2 Rh6 52.Ke1 f4 53.Kf1 Ke3 54.b4 f3 55.Rc3+ Ke4 56.a3 Kd4
57.Rc1 Ke3 58.h4 Rd6 59.h5 Kf4 60.Rc5 Rd3 61.h6 Rxa3 62.Rh5 Ra1+ 63.Kf2 Ra2+
64.Kf1 Kg3 65.Rg5+ Kf4 66.Rh5 Ra1+ 67.Kf2 Ra2+  1/2-1/2

[Event "Bundesliga 2006-7"]
[Site "Werder Bremen GER"]
[Date "2007.02.24"]
[Round "10"]
[White "Johannessen,LE"]
[Black "Kempinski,R"]
[Result "1/2-1/2"]
[WhiteElo "2537"]
[BlackElo "2590"]

1.d4 d5 2.c4 c6 3.Nc3 Nf6 4.e3 e6 5.Nf3 a6 6.c5 b6 7.cxb6 Nbd7 8.Na4 Nxb6
9.Bd2 Nxa4 10.Qxa4 Bd7 11.Ne5 c5 12.Nxd7 Qxd7 13.Qxd7+ Kxd7 14.f3 cxd4 15.exd4 Be7
16.Rb1 Rhb8 17.Kf2 Ne8 18.Be2 Nd6 19.Rhd1 Nf5 20.Bc3 Bb4 21.Bd3 Nd6 22.Ke3 Rb6
23.Kd2 Rab8 24.Kc2 h6 25.a3 Bxc3 26.bxc3 a5 27.Rxb6 Rxb6 28.Rb1 Rxb1 29.Kxb1 f6
30.Kc2 e5 31.Kb3 Kc6 32.a4 g5 33.Kc2 h5 34.Kd2 Nc8 35.Ke3 Nb6 36.Bb5+ Kd6
37.g3 h4 38.gxh4 gxh4 39.dxe5+ fxe5 40.f4 Na8 41.fxe5+ Kxe5 42.Kf3 Nc7 43.Bd3 Ne6
44.Kg4 Nc5 45.Bc2 Ne4 46.Kxh4 Kf4 47.Kh5 Nxc3 48.h4 Kg3 49.Kg5 Ne4+ 50.Kf5 Kxh4
51.Bxe4 Kg3 52.Kg5  1/2-1/2

[Event "Interclubes Paulista"]
[Site "Sao Paulo BRA"]
[Date "2007.02.25"]
[Round "4"]
[White "Milos,G"]
[Black "Santos,MVM"]
[Result "1-0"]
[WhiteElo "2580"]
[BlackElo "2401"]

1.d4 d5 2.c4 c6 3.Nc3 Nf6 4.e3 e6 5.Nf3 Nbd7 6.Qc2 Bd6 7.Be2 O-O 8.O-O e5
9.cxd5 cxd5 10.Nb5 Bb8 11.dxe5 Nxe5 12.b3 a6 13.Nbd4 Re8 14.Bb2 Ne4 15.Nxe5 Bxe5
16.Nf3 Bb8 17.Qd3 Bf5 18.Qd4 Nf6 19.Rfd1 Be4 20.Rac1 Ba7 21.Qb4 Qd7 22.Bd4 Bb8
23.Bxf6 gxf6 24.Nd2 Bf5 25.Bf3 Bd6 26.Qh4 Ba3 27.Rc3 Bb2 28.Rc5 Be6 29.Nc4 Qe7
30.Qg3+ Kh8 31.Rc7 dxc4 32.Rxe7 Rxe7 33.bxc4 Bxc4 34.Qh4 Rc7 35.Be4 f5 36.Rd8+  1-0

[Event "X Malaga Open"]
[Site "Campillos ESP"]
[Date "2007.03.01"]
[Round "7"]
[White "Zamudio Diaz,A"]
[Black "Picazo Lopez,J"]
[Result "0-1"]
[WhiteElo "2042"]
[BlackElo "2220"]

1.d4 d5 2.c4 c6 3.Nc3 Nf6 4.e3 e6 5.Nf3 Bd6 6.Qc2 Nbd7 7.Bd3 O-O 8.O-O Qe7
9.e4 dxc4 10.Bxc4 e5 11.Be3 exd4 12.Bxd4 Ne5 13.Nxe5 Bxe5 14.Bxe5 Qxe5 15.h3 g5
16.Be2 Be6 17.Rfd1 Rae8 18.Qa4 a5 19.Qd4 Bc8 20.Qxe5 Rxe5 21.f3 Nh5 22.Rd6 Be6
23.Rad1 Nf4 24.Bf1 h5 25.Rd8 Rc5 26.R8d4 h4 27.Kf2 b5 28.a3 Bb3 29.R1d2 Ne6
30.Rd6 b4 31.axb4 axb4 32.Ne2 Bc2 33.Nd4 Nxd4 34.R2xd4 b3 35.Ra4 Rb8 36.Rd7 f5
37.Ba6 Kh8 38.e5  0-1

[Event "2nd Trophee Universitaire"]
[Site "La Roche sur Yon FRA"]
[Date "2007.03.02"]
[Round "5"]
[White "Istratescu,A"]
[Black "Hamdouchi,H"]
[Result "1/2-1/2"]
[WhiteElo "2619"]
[BlackElo "2602"]

1.d4 d5 2.c4 c6 3.Nf3 Nf6 4.e3 e6 5.Nc3 Nbd7 6.Qc2 Bd6 7.Bd2 O-O 8.O-O-O c5
9.Kb1 a6 10.e4 cxd4 11.Nxd4 Nxe4 12.Nxe4 dxe4 13.Qxe4 Nc5 14.Qf3 e5 15.Nb3 e4
16.Qe3 Nxb3 17.axb3 Bg4 18.Be2 Bf4 19.Qxe4 Re8 20.Qxf4 Bxe2 21.Rde1 Qd3+
22.Ka2 a5 23.Bc3 a4 24.Qd4 axb3+ 25.Kxb3 Qg6 26.f3 b5 27.cxb5 Qe6+ 28.Kb4 Qe7+
29.Kb3 Qe6+ 30.Kb4 Qe7+  1/2-1/2

[Event "23rd Open"]
[Site "Cappelle la Grande FRA"]
[Date "2007.03.03"]
[Round "1"]
[White "Gareev,T"]
[Black "Ovod,E"]
[Result "1-0"]
[WhiteElo "2551"]
[BlackElo "2410"]

1.c4 e6 2.Nc3 d5 3.d4 c6 4.Nf3 Nf6 5.e3 Nbd7 6.Qc2 Bd6 7.Bd2 O-O 8.h3 Qe7
9.g4 dxc4 10.g5 Nh5 11.Bxc4 e5 12.O-O-O g6 13.Ne4 Bc7 14.Rhe1 a5 15.Bd3 Qe6
16.Kb1 exd4 17.Nxd4 Qe7 18.Rg1 Be5 19.Nf5 Qe6 20.Nh6+ Kh8 21.Be2 f5 22.gxf6 Ndxf6
23.Ng5 Qe7 24.Bd3 Nd5 25.Bxg6 Ng3 26.Ngf7+ Kg7 27.Bxh7 Qf6 28.f4 Rxf7 29.Rxg3+ Kf8
30.Rg8+ Ke7 31.Nxf7 Bxb2 32.Qxb2 Bf5+ 33.Ka1  1-0